000 01259nam a22002897a 4500
005 20170202112445.0
008 170202b xxu||||| |||| 00| 0 hin d
010 _aA-717007
020 _c60.00
_a8172015364
035 _aA-717007
037 _bCen Lib/Ret
040 _aDPL
_bHN
082 _a821
_bपाठक
100 _aपाठक, जयन्त
_951966
245 _aअनुनय /
_cजयन्त पाठक; अनुवादक ब्रजेन्द्र त्रिपाठी
246 _aAnunya /
_bby Jayant Pathakl; anuvadak Brajendra tripathi
260 _aनई दिल्ली
_bसाहित्य अकादेमी
_c1993
270 _aरविन्द्र भवन, फिरोजशाह रोड
_bनई दिल्ली
_e110001
300 _a84पृ.
_c20सेमी(सजिल्द)
520 _aAW
650 _aहिंदी साहित्य
_951967
650 _aहिंदी साहित्य -- कविता
_951968
650 _aHindi literature
_951969
650 _aHindi literature -- Poetry
_951970
700 _a त्रिपाठी, ब्रजेन्द्र
_943912
942 _2ddc
_cHN
_h821
_mपाठक
999 _c113377
_d113377